Normal view MARC view
  • Ballesteros, Adriana,

Entry Nombre Personal

Number of records used in: 3

001 - NUMERO DE CONTROL

  • campo de control: 37735

003 - IDENTIFICADOR DE NUMERO DE CONTROL

  • campo de control: UPN

005 - FECHA Y HORA DE LA ÜLTIMA TRANSACCIÓN

  • campo de control: 20210219194528.0

008 - DATOS DE LONGITUD FIJA

  • campo de control de longitud fija: nabaccnnaabn|||||||||| b |nc|||||d

035 ## - NUMERO DE CONTROL

  • Número de control: UPN11000009842

040 ## - FUENTE DE CATALOGACIÓN

  • Lenguaje de catalogación: SPA
  • Agencia de transcripción: UPN

100 1# - ENCABEZAMIENTO - NOMBRE PERSONAL

  • Nombre personal: Ballesteros, Adriana,
  • Fechas asociadas con el nombre: 1963-

400 ## - VEÁSE - NOMBRE DE PERSONA

  • Personal name: Fléiderman Ballesteros, Adriana Esther,
  • Dates associated with a name: 1963-

670 ## - FUENTE EN LA QUE SE LOCALIZARON DATOS

  • Cita de la fuente: T
  • Uniform Resource Identifier: http://www.cuentaconmigo.com.ar/autor.php?id_autor=19

680 ## - NOTA PUBLICA DE ACCESO PÚBLICO

  • Frase explicativa de la referencia: Nació en Quilmes, Provincia de Buenos Aires. Es una escritora de cuentos infantiles y periodista argentina, que escribe con el seudónimo de Adriana Ballesteros. Licenciada en letras de la Facultad de Filosofía y Letras (UBA) y profesora de francés (Alianza francesa de Buenos Aires). Se ha especializado en lingüística y literatura infantil.

902 ## - CATALOGADOR

  • Catalogador: MITM/240915